| 000 | 00531cam a2200205ua 4500 | ||
|---|---|---|---|
| 001 | 1085 | ||
| 005 | 20260515113256.0 | ||
| 008 | 110428n ii |||gr||||Z||||||eng | ||
| 020 | _a81-8370-093-4 | ||
| 040 | _cMAIN | ||
| 082 | _a323.34 | ||
| 245 | 1 |
_aWomens rights in India. : _bA feminist perspective. / _cBy Rekha Roy. |
|
| 250 | _a1st. | ||
| 260 |
_aNew Delhi.: _bAkangsha.,993. |
||
| 300 |
_a203 p.: _c20 cm. |
||
| 653 | _aPolitical science. | ||
| 653 | _aWomen`s rights in India. | ||
| 700 | 1 | _aRoy, Rekha., | |
| 942 | _cBK | ||
| 999 |
_c1001 _d1001 |
||